La función de la pena / (Registro nro. 28968)
[ vista simple ]
| 000 -LEADER | |
|---|---|
| fixed length control field | 01316nam a2200289Ia 4500 |
| 003 - CONTROL NUMBER IDENTIFIER | |
| control field | CO-CtgCURN |
| 005 - DATE AND TIME OF LATEST TRANSACTION | |
| control field | 20250407183922.0 |
| 008 - FIXED-LENGTH DATA ELEMENTS--GENERAL INFORMATION | |
| fixed length control field | 190723s1999 xx 000 0 und d |
| 020 ## - INTERNATIONAL STANDARD BOOK NUMBER | |
| International Standard Book Number | 9586164365 |
| 040 ## - CATALOGING SOURCE | |
| Original cataloging agency | CO-CtgCURN |
| Language of cataloging | spa |
| Transcribing agency | coctgcurn |
| 082 ## - DEWEY DECIMAL CLASSIFICATION NUMBER | |
| Classification number | 345.077 |
| Item number | L625f |
| 100 ## - MAIN ENTRY--PERSONAL NAME | |
| Personal name | Lesch, Heiko Hartmut |
| Relator term | autor |
| 9 (RLIN) | 9754 |
| 245 #0 - TITLE STATEMENT | |
| Title | La función de la pena / |
| Statement of responsibility, etc. | Heiko Hartmut Lesch; traducción., Javier Sánchez-Vera Gómez-Trelles |
| 250 ## - EDITION STATEMENT | |
| Edition statement | 1 edición |
| 260 ## - PUBLICATION, DISTRIBUTION, ETC. | |
| Place of publication, distribution, etc. | Bogotá, Colombia : |
| Name of publisher, distributor, etc. | Universidad Externado de Colombia; |
| -- | Centro de Investigación en Filosofía y Derecho, |
| Date of publication, distribution, etc. | 2000 |
| 300 ## - PHYSICAL DESCRIPTION | |
| Extent | 98 páginas ; |
| Dimensions | 21 centímetros |
| 490 ## - SERIES STATEMENT | |
| Series statement | Colección de Estudios; |
| Volume/sequential designation | 7 |
| 500 ## - GENERAL NOTE | |
| General note | Incluye introducción e índice |
| 504 ## - BIBLIOGRAPHY, ETC. NOTE | |
| Bibliography, etc. note | Incluye referencias bibliográficas (p. [83]-98) |
| 505 ## - FORMATTED CONTENTS NOTE | |
| Formatted contents note | I. Introducción -- II. Teorías absolutas de la pena -- III. Teorías relativas de la pena -- IV. Teorías de la unión -- V. Resumen -- VI. Reconstrucción de una teoría funcional de la retribución. |
| 521 ## - TARGET AUDIENCE NOTE | |
| Target audience note | AREA PROFESIONAL |
| 590 ## - LOCAL NOTE (RLIN) | |
| Local note | Programa de Derecho_18 |
| 650 ## - SUBJECT ADDED ENTRY--TOPICAL TERM | |
| Topical term or geographic name entry element | Derecho penal |
| 9 (RLIN) | 9755 |
| 700 ## - ADDED ENTRY--PERSONAL NAME | |
| Personal name | Sánchez-Vera Gómez-Trelles, Javier |
| Relator term | traducción |
| 9 (RLIN) | 9756 |
| 942 ## - ADDED ENTRY ELEMENTS (KOHA) | |
| Koha item type | Libros |
| Classification part | 345.077 |
| Item part | L625f |
| Source of classification or shelving scheme | Dewey Decimal Classification |
| Suppress in OPAC | No |
| Withdrawn status | Lost status | Damaged status | Not for loan | Collection | Home library | Current library | Shelving location | Date acquired | Inventory number | Total checkouts | Full call number | Barcode | Date last seen | Copy number | Price effective from | Koha item type |
|---|---|---|---|---|---|---|---|---|---|---|---|---|---|---|---|---|
| Miguel Henríquez Castañeda Barranquilla | Miguel Henríquez Castañeda Barranquilla | General | 05/23/2018 | 02757 | 345.077 L625f | 02757 | 07/23/2019 | ej.1 | 07/23/2019 | Libros |